000 00337nam a2200145Ia 4500
008 150201s2013 xx 000 0 und d
082 _a617
_bM13B
100 _aBHAT, M. SRIRAM
245 _aMANUAL OF SURGERY
250 _a4TH
260 _bJAYPEE
_aDELHI
_c2013
300 _a1-1336
650 _aGENERAL SURGERY
942 _2ddc
_cBK
_045
999 _c1712
_d1712